Statistics for Political Parties in Parliament of New Zealand

Click here to take the quiz!

General Stats

  • This quiz has been taken 76 times
  • The average score is 6 of 7

Answer Stats

SeatsParty% Correct
32Labour
100%
14Green
92%
60National
92%
2Maori
82%
11New Zealand First
77%
1Act
75%
1United
43%

Score Distribution

Percentile by Number Answered

Percent of People with Each Score

Your Score History

You have not taken this quiz